Die phosphaturie als secretionsneurose der niere / (Record no. 115663)

MARC details
000 -LEADER
campo de control de longitud fija 00674nam a2200181 i 4500
001 - NÚMERO DE CONTROL
campo de control 115663
003 - IDENTIFICADOR DE NÚMERO DE CONTROL
campo de control ES-MaACL
005 - FECHA Y HORA DE LA ÚLTIMA TRANSACCIÓN
campo de control 20230906190528.0
007 - CAMPO FIJO DE DESCRIPCIÓN FÍSICA--INFORMACIÓN GENERAL
campo de control de longitud fija t|
008 - DATOS DE LONGITUD FIJA--INFORMACIÓN GENERAL
campo de control de longitud fija 070424s1900 gw ||||1| ger d
100 1# - ENTRADA PRINCIPAL--NOMBRE DE PERSONA
Nombre de persona González Tánago y García, Manuel.
9 (RLIN) 58978
245 13 - MENCIÓN DEL TÍTULO
Título Die phosphaturie als secretionsneurose der niere /
Mención de responsabilidad, etc. von M. González Tanago.
260 ## - PUBLICACIÓN, DISTRIBUCIÓN, ETC.
Lugar de publicación, distribución, etc. [Berlin :
Nombre del editor, distribuidor, etc. Oscar Coblentz,
Fecha de publicación, distribución, etc. 1900]
300 ## - DESCRIPCIÓN FÍSICA
Extensión 16 p. ;
Dimensiones 24 cm.
500 ## - NOTA GENERAL
Nota general Separata: Monatsberichte über die Gesamtleistungen auf dem Gebiete der Krankheiten der Harn-und Sexual-Apparates, Bd. V, nº 12, 1900.
650 04 - PUNTO DE ACCESO ADICIONAL DE MATERIA--TÉRMINO DE MATERIA
Término de materia o nombre geográfico como elemento de entrada Riñones-
Subdivisión general Enfermedades.
9 (RLIN) 16914
852 ## - LOCALIZACIÓN
Ubicación ES-MaACL
Número de control de estantería T-150 bis-F-14
Holdings
Estatus retirado Estado de pérdida Estado de daño No para préstamo Colección Biblioteca de origen Biblioteca actual Ubicación en estantería Fecha de adquisición Fuente de adquisición Total de préstamos Signatura topográfica completa Código de barras Visto por última vez Precio de reemplazo Tipo de ítem Koha
        Colección de folletos Biblioteca del Ateneo de Madrid Biblioteca del Ateneo de Madrid Depósito folletos 17/01/2008     T-150 bis-F-14 1120618 23/02/2023 23/02/2023 Folleto